Structure in fives : designing effective organizations

Bibliographic Details
Main Author: Mintzberg, Henry
Format: Book
Published: New Jersey : Prentice Hall , 1983
Subjects:

MARC

LEADER 00000cam a2200000 7i4500
001 0000002797
005 20030124.0
020 |a 013435835x 
040 |a INS 
090 0 0 |a HD31.   |b M4572 1983 
100 1 |a Mintzberg, Henry 
245 1 0 |a Structure in fives :   |b designing effective organizations   |c Henry Mintzberg 
260 |a New Jersey :   |b Prentice Hall ,   |c 1983 
300 |a 312p. 
650 0 0 |a Organization 
999 |a 0000007196   |b BOOK   |c Open Shelf   |e Default branch